000 00862cab a2200253 4500
001 WB3312-15
008 090401t1997 xxu||||| |||| 00| 0 eng d
035 _a(Sirsi) u77238
041 _aeng
245 _aSustainable development
260 _c1997
350 _a0
490 _aEnvironment Information Bulletin
_v(65) March 1997, 5(1)
520 _aA government advisory body has called for environmental performance to become an essential part of the assessment of companies` bids for public contracts. Includes a table of progress towards sustainable development so far.
650 _aBIDS
650 _aENVIRONMENTAL ASSESSMENT
650 _aGOVERNMENT
650 _aProcurement-old
650 _aPUBLIC CONTRACTS
650 _aSUSTAINABLE DEVELOPMENT
690 _aENVIRONMENTAL AND LAND CONSULTANCY
942 _n0
948 _c20/03/1997
999 _c48557
_d48557